USA Squad FIFA World Cup 2026 - Statistics

General Stats
  • This quiz has been taken 46 times
    14 since last reset
  • The average score is 11 of 23
Answer Stats
Position Club Answer % Correct
LW AC Milan Christian Pulisic
100%
RB PSV Sergiño Dest
78%
CM Juventus Weston McKennie
78%
LB Fulham Antonee Robinson
67%
ST Monaco Folarin Balogun
67%
GK NE Revolution Matt Turner
67%
CB Cincinnati Miles Robinson
67%
Manager ... Mauricio Pochettino
56%
CDM Bournemouth Tyler Adams
56%
CB Crystal Palace Chris Richards
44%
CDM Atletico Johnny Cardoso
44%
ST PSV Ricardo Pepi
44%
RW Marseille Timothy Weah
44%
CB Charlotte Tim Ream
44%
CAM Salt Lake Diego Luna
33%
CAM Leverkusen Malik Tillman
33%
GK NYC FC Matt Freese
33%
CM AC Milan Yunus Musah
33%
RB Orlando Alex Freeman
22%
LW Coventry Haji Wright
22%
CB Celtic Auston Trusty
11%
LB Chelsea Caleb Wiley
11%
RW Wolfsburg Kevin Paredes
11%
No matching quizzes found
Score Distribution
Percent of People with Each Score
Percentile by Number Answered
Your Score History
You have not taken this quiz since the last reset